000
00308nam a22001337a 4500
008
180919b xxu||||| |||| 00| 0 eng d
020
_a
9780789752246
041
_a
eng
080
_a
004
100
_a
30
101
_a
SHK
245
_a
Windows 8.1 Absolute Beginners Guide
_c
Sanna,P
942
_2
udc
_c
BK
999
_c
48072
_d
48072